Statistics for Buffalo Sabres roster

Click here to take the quiz!

General Stats

  • This quiz has been taken 181 times
    (32 since last reset)
  • The average score is 17 of 24

Answer Stats

Hint Answer % Correct
15Eichel
97%
53Skinner
93%
26Dahlin
93%
35Ullmark
83%
4Bogosian
83%
23Reinhart
80%
29Pominville
80%
40Hutton
80%
21Okposo
80%
55Ristolainen
77%
28Girgensons
73%
71Rodrigues
73%
17Sobotka
70%
6Scandella
70%
43Sheary
70%
72Thompson
67%
92Nylander
67%
22Larsson
67%
37Mittelstadt
63%
29McCabe
60%
62Montour
60%
20Wilson
50%
48Hunwick
43%
8Nelson
43%

Score Distribution

Percentile by Number Answered

Percent of People with Each Score

Your Score History

You have not taken this quiz since the last reset